Statistics for One Word Country Clues

Click here to take the quiz!

General Stats

  • This quiz has been taken 77 times
  • The average score is 13 of 15

Answer Stats

WordAnswer% Correct
PizzaItaly
100%
OlympicsGreece
99%
IkeaSweden
96%
SamuraiJapan
92%
DraculaRomania
89%
CigarsCuba
88%
BeretFrance
88%
FlamencoSpain
88%
GuinnessIreland
85%
AutobahnGermany
84%
IncaPeru
81%
CanalPanama
79%
FezMorocco
70%
MountiesCanada
63%
VoodooHaiti
52%

Score Distribution

Percentile by Number Answered

Percent of People with Each Score

Your Score History

You have not taken this quiz